000 00973nam a2200313 a 4500
001 000110480
003 CHAP
005 20220329144135.0
008 140903s2010 mx a |r| |||||||spa d
010 _a106942
011 _a107914
020 _a9786074141948
040 _cCHAP
090 _aFolleto 18473
100 1 _aMondragón, Demetria
_9128249
245 1 3 _aEl cultivo rústico de las bromelias epífitas. manual de cuidados en vivero :
_bpor Demetria Mondragón, Carlos Fernández y Elia Méndez.
260 _aMéxico, D.F :
_bInstituto Politécnico Nacional,
_c2010.
300 _a30 p. :
_bil.
590 _aE5995AHE
_b05
_c20140903
_lUCH01
_h1004
590 _aE5995AHE
_b05
_c20140903
_lUCH01
_h1013
650 1 4 _aBromeliáceas.
_915513
650 1 4 _aEpífitas.
_937238
650 1 4 _aPlantas cultivadas
_xMéxico.
_988932
700 0 _aFernández, Carlos.
_940329
700 1 _aMéndez, Elia
_9128250
901 _aBK
942 _cFOLL
942 _n0
999 _c106942
_d106942